00671nam a2200229 a 4500001001300000003000900013005001700022008004100039020002300080082002100103100001800124245002500142260003600167300000900203500003500212505001000247650001800257902000800275942000700283952013400290999001700424nice12345678IN_TiNIC20260116014606.0050524s1999 newa grp 000 0 eng  a8173041 c50000a954.035092bALI1 aAli, Mohammad aMy Lifeb a Fragment aNew Delhi bManohar Pub. c1999 a260p aincludes index and biblioraphy2 aNotes aMuhammad, Ali bSRS cBK 001040708StackRoom-aHMIbHMId2007-04-04g500.00l1o954.035092 ALI1p020907r2019-07-17s2019-07-10v500.00w2005-05-24yBK c16115d16115